<?xml version="1.0" encoding="UTF-8"?>
<record
    xmlns:xsi="http://www.w3.org/2001/XMLSchema-instance"
    xsi:schemaLocation="http://www.loc.gov/MARC21/slim http://www.loc.gov/standards/marcxml/schema/MARC21slim.xsd"
    xmlns="http://www.loc.gov/MARC21/slim">

  <leader>01452nam a2200385 i 4500</leader>
  <controlfield tag="001">121702</controlfield>
  <controlfield tag="003">ES-MaACL</controlfield>
  <controlfield tag="005">20230906191815.0</controlfield>
  <controlfield tag="007">t|</controlfield>
  <controlfield tag="008">070214s1959    sp c         |||| | spa d</controlfield>
  <datafield tag="100" ind1="1" ind2=" ">
    <subfield code="a">Henry, O.</subfield>
    <subfield code="9">62602</subfield>
  </datafield>
  <datafield tag="245" ind1="1" ind2="0">
    <subfield code="a">Obras selectas. </subfield>
    <subfield code="p">Narraciones / </subfield>
    <subfield code="c">O. Henry ; traducci&#xF3;n del ingl&#xE9;s por J. Romero de Tejada, Juan Gonz&#xE1;lez de Luaces, Mary Rowe.</subfield>
  </datafield>
  <datafield tag="250" ind1=" " ind2=" ">
    <subfield code="a">1&#xAA; ed.</subfield>
  </datafield>
  <datafield tag="260" ind1=" " ind2=" ">
    <subfield code="a">Barcelona : </subfield>
    <subfield code="b">Planeta, </subfield>
    <subfield code="c">1959.</subfield>
  </datafield>
  <datafield tag="300" ind1=" " ind2=" ">
    <subfield code="a">2 v. : </subfield>
    <subfield code="b">retr. aut. ; </subfield>
    <subfield code="c">17 cm.</subfield>
  </datafield>
  <datafield tag="505" ind1="8" ind2=" ">
    <subfield code="a">Contiene:  I ; </subfield>
    <subfield code="t">Los cuatro millones ; </subfield>
    <subfield code="t">Coraz&#xF3;n del oeste ; </subfield>
    <subfield code="t">El honrado tramposo ; </subfield>
    <subfield code="t">Los caminos del destino ; </subfield>
    <subfield code="t">Reyes y berzas ; </subfield>
    <subfield code="t">Opciones - II ; </subfield>
    <subfield code="t">Seis y siete ; </subfield>
    <subfield code="t">Cuentos rodados ; </subfield>
    <subfield code="t">Poemas ; </subfield>
    <subfield code="t">Remolinos ;</subfield>
    <subfield code="t">La voz de la ciudad ; </subfield>
    <subfield code="t">La l&#xE1;mpara maravillosa ; </subfield>
    <subfield code="t">Absolutamente pr&#xE1;ctico ; </subfield>
    <subfield code="t">De todo un poco</subfield>
  </datafield>
  <datafield tag="700" ind1="1" ind2=" ">
    <subfield code="a">Romero de Tejada, J.</subfield>
    <subfield code="9">99376</subfield>
  </datafield>
  <datafield tag="700" ind1="1" ind2=" ">
    <subfield code="a">Luaces, Juan G. de.</subfield>
    <subfield code="9">74483</subfield>
  </datafield>
  <datafield tag="700" ind1="1" ind2=" ">
    <subfield code="a">Rowe, Mary.</subfield>
    <subfield code="9">100179</subfield>
  </datafield>
  <datafield tag="740" ind1="4" ind2="2">
    <subfield code="a">Los cuatro millones.</subfield>
  </datafield>
  <datafield tag="740" ind1="0" ind2="2">
    <subfield code="a">Coraz&#xF3;n del oeste.</subfield>
  </datafield>
  <datafield tag="740" ind1="3" ind2="2">
    <subfield code="a">El honrado tramposo.</subfield>
  </datafield>
  <datafield tag="740" ind1="4" ind2="2">
    <subfield code="a">Los caminos del destino.</subfield>
  </datafield>
  <datafield tag="740" ind1="0" ind2="2">
    <subfield code="a">Reyes y berzas.</subfield>
  </datafield>
  <datafield tag="740" ind1="0" ind2="2">
    <subfield code="a">Opciones.</subfield>
  </datafield>
  <datafield tag="740" ind1="0" ind2="2">
    <subfield code="a">Seis y siete.</subfield>
  </datafield>
  <datafield tag="740" ind1="0" ind2="2">
    <subfield code="a">Cuentos rodados.</subfield>
  </datafield>
  <datafield tag="740" ind1="0" ind2="2">
    <subfield code="a">Poemas.</subfield>
  </datafield>
  <datafield tag="740" ind1="0" ind2="2">
    <subfield code="a">Remolinos.</subfield>
  </datafield>
  <datafield tag="740" ind1="3" ind2="2">
    <subfield code="a">La voz de la ciudad.</subfield>
  </datafield>
  <datafield tag="740" ind1="3" ind2="2">
    <subfield code="a">La l&#xE1;mpara maravillosa.</subfield>
  </datafield>
  <datafield tag="740" ind1="0" ind2="2">
    <subfield code="a">Absolutamente pr&#xE1;ctico.</subfield>
  </datafield>
  <datafield tag="740" ind1="0" ind2="2">
    <subfield code="a">De todo un poco.</subfield>
  </datafield>
  <datafield tag="852" ind1=" " ind2=" ">
    <subfield code="a">ES-MaACL</subfield>
    <subfield code="j">E-5144-45</subfield>
  </datafield>
  <datafield tag="999" ind1=" " ind2=" ">
    <subfield code="c">121702</subfield>
    <subfield code="d">121702</subfield>
  </datafield>
  <datafield tag="952" ind1=" " ind2=" ">
    <subfield code="0">0</subfield>
    <subfield code="1">0</subfield>
    <subfield code="4">0</subfield>
    <subfield code="7">0</subfield>
    <subfield code="a">ATENEOM</subfield>
    <subfield code="b">ATENEOM</subfield>
    <subfield code="c">DEPO2</subfield>
    <subfield code="d">2008-01-17</subfield>
    <subfield code="e">SC</subfield>
    <subfield code="l">0</subfield>
    <subfield code="o">E-5144-45</subfield>
    <subfield code="p">1126827</subfield>
    <subfield code="r">2023-02-23 00:00:00</subfield>
    <subfield code="w">2023-02-23</subfield>
    <subfield code="y">MONOGRAFIA</subfield>
  </datafield>
</record>
